[Event "Trieste op 13th"]
[Site "Trieste"]
[Date "2011.09.07"]
[Round "6"]
[White "Fruehauf, Norbert"]
[Black "Samuelli, Daniele"]
[Result "0-1"]
[WhiteElo "2078"]
[BlackElo "1940"]
[PlyCount "58"]
[EventDate "2011.09.03"]
[EventType "swiss"]
[EventRounds "9"]
[EventCountry "ITA"]
[SourceTitle "CBM 144 Extra"]
[Source "ChessBase"]
[SourceDate "2011.10.28"]
[SourceVersion "1"]
[SourceVersionDate "2011.10.28"]
[SourceQuality "1"]

1. e4 e6 2. d4 d5 3. Nd2 dxe4 4. Nxe4 Nd7 5. Nf3 Ngf6 6. Bd3 Be7 7. 0-0 0-0 8. Qe2 c5 9. Rd1 cxd4 10. Nxd4 Nxe4 11. Bxe4 Bf6 12. Be3 Qe7 13. c3 h6 14. Rd2 Nc5 15. Bc2 g6 16. Bxh6 Re8 17. b4 Nd7 18. Rad1 e5 19. Nb3 Nf8 20. Be4 Rb8 21. Nc5 Bg7 22. Bxg7 Kxg7 23. a4 a5 24. Qb5 axb4 25. cxb4 Ne6 26. Nxe6+ Bxe6 27. Bc2 Qg5 28. Qd3 Rbc8 29. Bb3 Red8 0-1

[Event "Trieste op 10th"]
[Site "Trieste"]
[Date "2008.09.05"]
[Round "7"]
[White "Vrhovnik, Damir"]
[Black "Samuelli, Daniele"]
[Result "0-1"]
[WhiteElo "1996"]
[BlackElo "1931"]
[PlyCount "66"]
[EventDate "2008.08.31"]
[EventType "swiss"]
[EventRounds "9"]
[EventCountry "ITA"]
[SourceTitle "CBM 126 Extra"]
[Source "ChessBase"]
[SourceDate "2008.11.05"]
[SourceVersion "1"]
[SourceVersionDate "2008.11.05"]
[SourceQuality "1"]

1. e4 d5 2. exd5 Nf6 3. d4 Nxd5 4. c4 Nf6 5. Nc3 Nc6 6. Be3 Bf5 7. Nf3 e6 8. Be2 Be7 9. Nh4 Bg6 10. Nxg6 hxg6 11. Qd2 Qd7 12. 0-0-0 0-0-0 13. f4 Bb4 14. Qc2 Ba5 15. a3 a6 16. Bf3 Bb6 17. c5 Ba7 18. h3 Ne7 19. Bf2 Ned5 20. g3 Nxc3 21. Qxc3 Nd5 22. Qc4 c6 23. h4 Qe7 24. Rhe1 Qf6 25. Re2 Bb8 26. Rd3 Bxf4+ 27. gxf4 Nxf4 28. Red2 Nxd3+ 29. Qxd3 g5 30. hxg5 Qxg5 31. Be3 Qf6 32. Qe4 Rh4 33. Bg4 Qf1+ 0-1

[Event "Ljubljana op 16th"]
[Site "Ljubljana"]
[Date "2005.07.10"]
[Round "3"]
[White "Samuelli, Daniele"]
[Black "Srebrnic, Marko"]
[Result "0-1"]
[WhiteElo "1986"]
[BlackElo "2238"]
[PlyCount "120"]
[EventDate "2005.07.09"]
[EventType "swiss"]
[EventRounds "9"]
[EventCountry "SLO"]
[SourceTitle "CBM 107 Extra"]
[Source "ChessBase"]
[SourceDate "2005.09.01"]
[SourceVersion "1"]
[SourceVersionDate "2005.09.01"]
[SourceQuality "1"]

1. e4 c5 2. Nf3 Nc6 3. Bb5 g6 4. c3 Nf6 5. e5 Nd5 6. Bxc6 dxc6 7. d4 cxd4 8. Nxd4 Bg7 9. f4 0-0 10. 0-0 c5 11. Ne2 Be6 12. Na3 Qc7 13. Ng3 Rad8 14. Qe2 Qc8 15. h3 a6 16. Nc2 b5 17. Qf3 Nb6 18. b3 f5 19. exf6 exf6 20. f5 Bd5 21. Qg4 Bf7 22. Ne3 Qd7 23. Ba3 Qc7 24. Rae1 g5 25. h4 h6 26. hxg5 hxg5 27. Nh5 Rfe8 28. Qh3 Rd3 29. Bc1 Qc6 30. Qh2 Re4 31. Nxg7 Kxg7 32. Rf3 Rh4 33. Rh3 Rxh3 34. Qxh3 Nd5 35. Kf2 Nf4 36. Qh2 Qd7 37. Ng4 Bh5 38. Bxf4 Bxg4 39. Bxg5 fxg5 40. f6+ Kg6 41. Qh8 Qf5+ 42. Kg1 Qxf6 43. Qg8+ Kh6 44. Rf1 Rd1 45. Rxd1 Bxd1 46. Qb8 Be2 47. a4 Qf1+ 48. Kh2 Qf4+ 49. Qxf4 gxf4 50. axb5 axb5 51. b4 cxb4 52. cxb4 Kg5 53. Kh3 Bf1 54. Kh2 Kg4 55. Kg1 Bc4 56. Kh2 Bd5 57. Kg1 Kg3 58. Kh1 Bxg2+ 59. Kg1 Be4 60. Kf1 f3 0-1

[Event "Ljubljana op 16th"]
[Site "Ljubljana"]
[Date "2005.07.09"]
[Round "1"]
[White "Runic, Zoran"]
[Black "Samuelli, Daniele"]
[Result "1-0"]
[WhiteElo "2413"]
[BlackElo "1986"]
[PlyCount "87"]
[EventDate "2005.07.09"]
[EventType "swiss"]
[EventRounds "9"]
[EventCountry "SLO"]
[SourceTitle "CBM 107 Extra"]
[Source "ChessBase"]
[SourceDate "2005.09.01"]
[SourceVersion "1"]
[SourceVersionDate "2005.09.01"]
[SourceQuality "1"]

1. e4 e6 2. d4 d5 3. Nd2 Nf6 4. e5 Nfd7 5. f4 c5 6. c3 Nc6 7. Ndf3 Qb6 8. g3 Be7 9. Kf2 g5 10. fxg5 cxd4 11. cxd4 Ndxe5 12. Nxe5 Nxe5 13. Kg2 Nc4 14. Nf3 Bd7 15. b3 Na5 16. Bf4 Bb5 17. Ne5 Bxf1+ 18. Rxf1 Nc6 19. Nxf7 Rf8 20. Be5 Nxe5 21. Nxe5 0-0-0 22. Rxf8 Bxf8 23. Rc1+ Kb8 24. Qc2 a6 25. Nf3 Ba3 26. Re1 Rd7 27. h4 Rc7 28. Qe2 Bb4 29. Qxe6 Rc2+ 30. Kh3 Rc6 31. Qg8+ Ka7 32. Re8 Qb5 33. Ra8+ Kb6 34. Qd8+ Rc7 35. Rc8 Qc6 36. Qxc7+ Qxc7 37. Rxc7 Kxc7 38. Kg4 Kd7 39. Kf5 Be7 40. h5 Bd6 41. g4 Ke7 42. g6 hxg6+ 43. Kxg6 Kf8 44. Kf6 1-0

[Event "Nova Gorica op-B 10th"]
[Site "Nova Gorica"]
[Date "2005.01.31"]
[Round "6"]
[White "Skrinjar, Matic"]
[Black "Samuelli, Daniele"]
[Result "0-1"]
[WhiteElo "1527"]
[BlackElo "1700"]
[PlyCount "55"]
[EventDate "2005.01.28"]
[EventType "swiss"]
[EventRounds "9"]
[EventCountry "SLO"]
[SourceTitle "CBM 104 Extra"]
[Source "ChessBase"]
[SourceDate "2005.03.01"]
[SourceVersion "1"]
[SourceVersionDate "2005.03.01"]
[SourceQuality "1"]

1. e4 c5 2. Nf3 Nc6 3. d4 cxd4 4. Nxd4 Nf6 5. Nc3 e6 6. a3 d6 7. Bb5 Bd7 8. Bxc6 bxc6 9. 0-0 Be7 10. Re1 0-0 11. Qf3 Qb6 12. Nb3 e5 13. Be3 Qc7 14. Rad1 Bg4 15. Qg3 Bxd1 16. Rxd1 Qd7 17. h3 Qe6 18. Rd3 Rfd8 19. Nd2 d5 20. Bg5 Nh5 21. Qh4 Bxg5 22. Qxg5 g6 23. Rf3 Nf4 24. h4 Kg7 25. h5 h6 26. Qh4 g5 27. Qg3 d4 28. Na4 0-1

[Event "Nova Gorica op-B 10th"]
[Site "Nova Gorica"]
[Date "2005.01.30"]
[Round "4"]
[White "Samuelli, Daniele"]
[Black "Jug, Tina"]
[Result "1-0"]
[WhiteElo "1700"]
[BlackElo "1507"]
[PlyCount "43"]
[EventDate "2005.01.28"]
[EventType "swiss"]
[EventRounds "9"]
[EventCountry "SLO"]
[SourceTitle "CBM 104 Extra"]
[Source "ChessBase"]
[SourceDate "2005.03.01"]
[SourceVersion "1"]
[SourceVersionDate "2005.03.01"]
[SourceQuality "1"]

1. e4 e5 2. Nf3 Nc6 3. Bb5 a6 4. Ba4 Nf6 5. 0-0 Bc5 6. c3 b5 7. Bc2 Bb6 8. d4 exd4 9. cxd4 0-0 10. Bg5 h6 11. Bh4 Qe8 12. Bxf6 gxf6 13. Nc3 Kh8 14. Nd5 Qd8 15. Qd2 Kg7 16. Rad1 d6 17. Qf4 Rg8 18. Nxb6 cxb6 19. Nh4 Ne7 20. e5 fxe5 21. dxe5 Kf8 22. exd6 1-0

[Event "Nova Gorica op-B 10th"]
[Site "Nova Gorica"]
[Date "2005.01.28"]
[Round "2"]
[White "Samuelli, Daniele"]
[Black "Muradore, Aldo"]
[Result "1-0"]
[WhiteElo "1700"]
[BlackElo "2000"]
[PlyCount "26"]
[EventDate "2005.01.28"]
[EventType "swiss"]
[EventRounds "9"]
[EventCountry "SLO"]
[SourceTitle "CBM 104 Extra"]
[Source "ChessBase"]
[SourceDate "2005.03.01"]
[SourceVersion "1"]
[SourceVersionDate "2005.03.01"]
[SourceQuality "1"]

1. e4 c5 2. Nf3 d6 3. d4 cxd4 4. Nxd4 Nf6 5. Nc3 a6 6. Be2 Bd7 7. 0-0 e5 8. Nb3 Nc6 9. Bg5 Be6 10. Nd5 Bxd5 11. exd5 Nb8 12. f4 Qb6+ 13. Kh1 exf4 1-0

[Event "Trieste op-B 06th"]
[Site "Trieste"]
[Date "2004.09.09"]
[Round "6"]
[White "Rizzardi, Franco"]
[Black "Samuelli, Daniele"]
[Result "1-0"]
[WhiteElo "1886"]
[BlackElo "1703"]
[PlyCount "81"]
[EventDate "2004.09.04"]
[EventType "swiss"]
[EventRounds "9"]
[EventCountry "ITA"]
[SourceTitle "CBM 102 Extra"]
[Source "ChessBase"]
[SourceDate "2004.11.03"]
[SourceVersion "1"]
[SourceVersionDate "2004.11.03"]
[SourceQuality "1"]

1. e4 c5 2. Nf3 Nc6 3. d4 cxd4 4. Nxd4 e6 5. c4 Nf6 6. Nc3 Bb4 7. Nxc6 bxc6 8. Bd3 Qc7 9. 0-0 0-0 10. Be3 d5 11. cxd5 Bxc3 12. bxc3 cxd5 13. exd5 Nxd5 14. Bd2 Bb7 15. Qc2 h6 16. Rab1 Rab8 17. Qc1 f5 18. c4 Nf6 19. Re1 Ng4 20. Bf4 e5 21. Be3 Qc6 22. Bf1 Nxe3 23. Qxe3 e4 24. Qxa7 Qc8 25. a4 Bc6 26. Rxb8 Qxb8 27. Qxb8 Rxb8 28. a5 Ra8 29. Ra1 Kf7 30. a6 Ke6 31. a7 Kd6 32. Ra5 f4 33. g3 g5 34. h4 e3 35. fxe3 fxe3 36. Ra6 Kc5 37. Rxc6+ Kd4 38. Ra6 Kc3 39. Bg2 e2 40. Kf2 Re8 41. Ke1 1-0

[Event "Trieste op-B 06th"]
[Site "Trieste"]
[Date "2004.09.08"]
[Round "5"]
[White "Clarini, Ivo"]
[Black "Samuelli, Daniele"]
[Result "0-1"]
[WhiteElo "1733"]
[BlackElo "1703"]
[PlyCount "51"]
[EventDate "2004.09.04"]
[EventType "swiss"]
[EventRounds "9"]
[EventCountry "ITA"]
[SourceTitle "CBM 102 Extra"]
[Source "ChessBase"]
[SourceDate "2004.11.03"]
[SourceVersion "1"]
[SourceVersionDate "2004.11.03"]
[SourceQuality "1"]

1. d4 e6 2. c4 d5 3. Nc3 c6 4. Nf3 f5 5. Qb3 Bd6 6. Bg5 Nf6 7. e3 0-0 8. Bd3 Qe8 9. Bxf6 Rxf6 10. 0-0-0 Kh8 11. Ne5 Rf8 12. f4 b6 13. h3 dxc4 14. Bxc4 b5 15. Bd3 a5 16. g4 Na6 17. Nf3 Nb4 18. a3 Nxd3+ 19. Rxd3 b4 20. Nb1 Ba6 21. Rdd1 c5 22. Ne5 cxd4 23. Rxd4 Bxe5 24. Rh2 Bxd4 25. exd4 Qc6+ 26. Kd2 0-1